| 000 | 00441nam a2200193Ia 4500 | ||
|---|---|---|---|
| 003 | 0100 | ||
| 008 | 130303s9999 xx 000 0 und d | ||
| 040 | _cARRUPELIB | ||
| 050 | _aDT352.J314 1961 | ||
| 100 | _aJahn, Janheinz | ||
| 245 | _aMuntu | ||
| 245 | _bl'homme africain et la culture neo-africaine | ||
| 260 | _aParis | ||
| 260 | _bEditions du Seuil | ||
| 260 | _C1961 | ||
| 300 | _a293p. | ||
| 300 | _b 23 cm. | ||
| 942 | 0 | 0 | _01 |
| 999 |
_c45699 _d45699 |
||